000 00492nam a2200169Ia 4500
003 GCL
008 140319s9999 xx 000 0 ara d
040 _aGCL /
_cGCL
082 0 4 _a368
_bع ت
100 1 _aعبدالودود يحيى
245 1 0 _aالتامين /
_cعبدالودود يحيى
300 _a64 ص
490 _aالاهرام الاقتصادى
_v0
650 0 4 _aالتأمين على الحياة
650 0 4 _aالتشريعات الاجتماعية
942 _2ddc
_cBK
999 _c46864
_d46864